| 000 | 00657nam a22001937a 4500 | ||
|---|---|---|---|
| 999 |
_c12178 _d12178 |
||
| 003 | AR-CdUCM | ||
| 008 | 190408b ||||| |||| 00| 0 spa d | ||
| 040 |
_aMUNICIPALIDAD PROVINCIAL DEL CUSCO _cBIBLIOTECA MUNICIPAL DEL CUSCO |
||
| 082 |
_aC / 869.155 / _bV35 |
||
| 100 |
_aVasconcelos, Jose _9412 |
||
| 245 |
_aLa raza cósmica misión de la raza iberoamericana : _bNotas de viajes a América del Sur / |
||
| 260 |
_aBarcelona : _bCosmos, |
||
| 300 |
_a294 páginas ; _c20 cm. |
||
| 650 |
_aDescripción de América. _929901 |
||
| 650 |
_aAmérica del sur. _9742 |
||
| 650 |
_aRelatos de viaje. _99344 |
||
| 942 |
_2ddc _cLIBROS |
||
| 945 |
_awfj _d2019-04-08 |
||